00554 2200169 4500001002100000005001500021035002000036245004000056100001900096250001100115300003700126260011800163082001600281084002200297020002200319650004300341INLIS00000000000180420241106100210 a0010-11240000621 aLani si Pemberani /cMuhammad Fauzi0 aMuhammad Fauzi aCet. 2 a36 hlm. :bilus. ;c29,7 x 21 cm aJakarta :bBadan Pengembangan dan Pembinaan Bahasa, Kementrian Pendidikan, Kebudayaan, Riset dan Teknologi,c2023 a398.209 598 a398.209 598 MUH l a978-602-437-774-8 4aCerita Anak Indonesia. Kesustraan Anak